शिक्षक-समाज की व्यथा-कथा / (Record no. 65451)

MARC details
000 -LEADER
fixed length control field 00676nam a22001817a 4500
005 - DATE AND TIME OF LATEST TRANSACTION
control field 2012042309289.0
020 ## - INTERNATIONAL STANDARD BOOK NUMBER
Terms of availability 250.00
International Standard Book Number 8173291098
035 ## - SYSTEM CONTROL NUMBER
System control number B-67453
037 ## - SOURCE OF ACQUISITION
Source of stock number/acquisition
Stock number dpl
082 ## - DEWEY DECIMAL CLASSIFICATION NUMBER
Classification number 370
100 ## - MAIN ENTRY--PERSONAL NAME
Personal name मदनगोपाल
245 1# - TITLE STATEMENT
Title शिक्षक-समाज की व्यथा-कथा /
Statement of responsibility, etc मदनगोपाल
260 ## - PUBLICATION, DISTRIBUTION, ETC. (IMPRINT)
Place of publication, distribution, etc दिल्ली
Name of publisher, distributor, etc शिलालेख
Date of publication, distribution, etc 2003
270 ## - ADDRESS
Address
City
Postal code
Telephone number
300 ## - PHYSICAL DESCRIPTION
Extent 256पृ.
Dimensions 22सेमी (सजिल्द)
942 ## - ADDED ENTRY ELEMENTS (KOHA)
Institution code [OBSOLETE] dpl
Item type Hindi Books
Call number prefix
Source of classification or shelving scheme Dewey Decimal Classification
Classification part 370
Call number suffix मदन
Holdings
Withdrawn status Lost status Not for loan Collection code Home library Current library Date acquired Cost, normal purchase price Full call number Barcode Cost, replacement price Koha item type
      Non-fiction Sarojini Nagar Sarojini Nagar 23/04/2012 250.00 370 मदन B-67453 250.00 Hindi Books

© Delhi Public Library
Hit Counter
free hit counter